PARSING TECHNIQUES :A PRACTICAL GUIDE (Record no. 216805)

MARC details
000 -LEADER
fixed length control field 00543nam a22001937a 4500
008 - FIXED-LENGTH DATA ELEMENTS--GENERAL INFORMATION
fixed length control field 260306b |||||||| |||| 00| 0 eng d
020 ## - INTERNATIONAL STANDARD BOOK NUMBER
International Standard Book Number 978-1-4419-1901-4
050 ## - LIBRARY OF CONGRESS CALL NUMBER
Classification number P 98.5 .P38 G78 2008
Item number 1
100 ## - MAIN ENTRY--PERSONAL NAME
Personal name GRUNE, DICK
245 ## - TITLE STATEMENT
Title PARSING TECHNIQUES :A PRACTICAL GUIDE
250 ## - EDITION STATEMENT
Edition statement SECOND EDITION
260 ## - PUBLICATION, DISTRIBUTION, ETC.
Place of publication, distribution, etc. ITHECA
Name of publisher, distributor, etc. TRADADEMARKS
Date of publication, distribution, etc. 2888
300 ## - PHYSICAL DESCRIPTION
Extent XXIV, 662P:ILL
500 ## - GENERAL NOTE
General note INNCLUIDES BIBLIOGRAPHY , INDEX
650 ## - SUBJECT ADDED ENTRY
Topical term or geographic name entry element A PRACTICAL GIUDE
700 ## - ADDED ENTRY--PERSONAL NAME
Personal name JACOBS ,CARIEL J.H.
942 ## - ADDED ENTRY ELEMENTS (KOHA)
Source of classification or shelving scheme Library of Congress Classification
Koha item type Long Loan Book
Holdings
Withdrawn status Lost status Source of classification or shelving scheme Damaged status Not for loan Collection Home library Current library Shelving location Date acquired Inventory number Total checkouts Full call number Barcode Date last seen Copy number Price effective from Koha item type
    Library of Congress Classification     Arts & Social Sciences Kisii University Library Kisii University Library On Display 03/06/2026 112113   P 98.5 .P38 G78 2008 A000727 03/06/2026 C.1 03/06/2026 Long Loan Book
    Library of Congress Classification     Arts & Social Sciences Kisii University Library Kisii University Library On Display 03/06/2026 112114   P 98.5 .P38 G78 2008 A000730 03/06/2026 C.2 03/06/2026 Long Loan Book
    Library of Congress Classification     Arts & Social Sciences Kisii University Library Kisii University Library On Display 03/06/2026 112115   P 98.5 .P38 G78 2008 A000729 03/06/2026 C.3 03/06/2026 Long Loan Book